000 00611nas a2200217 4500
001 BR9510693
003 BR-BrBNA
005 20231205095555.0
007 ta
008 230509b bl.|||p| |||| 00| 00por d
040 _aBR-BrBNA
_bpor
_cBiblioteca Nacional de Agricultura
041 _a(Pt)
072 _aF01
100 1 _aNilsson, T.T.
245 1 _aTilia, uma flor europeia
650 _aArvore Angiosperma
650 _aNectar
773 0 _tApicultura no Brasil (Brazil)
_xISSN 0102-3659
_g(Sep-Oct 1986), v. 3(16) p. 33
_wBR9510693
909 _a202311
_bLúcia
_c55
_dLúcia Elande
942 _2AGRIS
_n0
_cANA
999 _c151445
_d151445